Multilayer perceptron, radial basis function network, and self-organizing map in the problem of face recognition

Bibliographic Details
Main Author: Oravec, Miloš, 1967- (Author)
Format: Article
Language:English
PhysicalDescription:Grafy, tab., obr.
ISSN:1335-3632
Subjects:

MARC

LEADER 00000nab a2200000 a 4500
001 vtls000778418
003 SK-MaSNL
005 20260302152440.0
008 140923c2001 xo 0 eng
015 |a SNBRB2002/01-00677 
035 |a CLN000130197 
040 |a SNKBUCL  |b slo  |c SNKBUCL  |e AACR2 
041 0 |a eng 
044 |a xo  |c SK 
080 |a 681.3.04:621.39:519.72  |2 1997 
080 |a 621.39  |2 1997 
080 |a 519.72  |2 1997 
100 1 |a Oravec, Miloš,  |d 1967-  |4 aut  |9 214195 
245 1 0 |a Multilayer perceptron, radial basis function network, and self-organizing map in the problem of face recognition  |c Miloš Oravec 
300 |b Grafy, tab., obr. 
504 |a Res. angl. 
504 |a Bibliogr. odkazy 
504 |a Biogr. údaje 
650 0 7 |a obrazy (kybernetika)  |x tvár  |x rozpoznávanie  |x črty  |x extrakcia  |2 snkbucl  |9 845777 
650 0 7 |a perceptróny  |2 snkbucl  |9 845778 
650 0 7 |a viacvrstvové perceptróny  |2 snkbucl  |9 845779 
650 0 7 |a umelé neurónové siete  |2 snkbucl  |9 29122 
655 7 |a články z novín a časopisov  |2 snkbucl  |9 267496 
773 0 |t Journal of electrical engineering = Elektrotechnický časopis  |g Roč. 52, č. 9-10 (2001), s. 284-288  |x 1335-3632 
850 |a Slovenská národná knižnica v Martine 
852 |a SNK  |b KIS3GCP 
958 |a NB 
999 |c 1362639  |d 1364569